Quiz sur Minecraft - Statistiques

Statistiques générales
  • Ce quiz a été pris 118 fois
    54 depuis la dernière actualisation
  • Le résultat moyen est 5 sur 10
Statistiques - réponses
Question Réponse % Correct
Son pseudo Notch
98%
Sa nationalité Suédois
70%
Bloc indestructible donnant son nom à une version du jeu Bedrock
63%
Bloc permettant de construire un portail du Nether Obsidienne
63%
Jeux différents 5
50%
Créateur de Minecraft Markus Persson
35%
Nombre de mobs 81
28%
Nombre de biomes 64
20%
Le premier nom de Minecraft Cave Game
18%
Sa date de naissance(jour/mois/année) 1er juin 1979
8%
Aucun quiz correspondant
Distribution des résultats
% des personnes avec chaque résultat
Percentile par nombre de réponses
Votre historique - résultats
Vous n’avez pas pris ce quiz depuis la dernière actualisation